000 00271nam a22001217a 4500
008 170525b xxu||||| |||| 00| 0 eng d
041 _aeng
080 _a62
100 _a26
101 _aIM
245 _aADVANCED ENGINEERING MATHEMATICS
_cKREYSZIG, E
942 _2udc
_cBK
999 _c14269
_d14269